| 000 | 01324nam a22002777a 4500 | ||
|---|---|---|---|
| 005 | 20240530110908.0 | ||
| 008 | 220303s2009 ua b g 000 0 ara d | ||
| 017 |
_a2008/19498 _bمصر. دار الكتب |
||
| 020 | _a9772087650 | ||
| 040 |
_aEG-CaGPL _cEG-CaGPL |
||
| 082 | 0 | 4 |
_221 _a320.12/ _bو ح |
| 100 | 1 | _aولينكسون، جون .س. | |
| 245 | 1 | 0 |
_aحدود الجزيرة العربية : _bقصة الدور البريطانى فى رسم الحدود عبر الصحراء / _cتاليف جون .س. ولينكسون ؛ ترجمة مجدى عبد الكريم |
| 260 |
_aالقاهرة : _bمكتبة مدبولى، _c2009. |
||
| 300 |
_a331 ص. : _bخرائط ؛ _c24 سم. |
||
| 650 | 0 | 7 |
_2qrmak _aالاحوال السياسية |
| 650 | 0 | 7 |
_2qrmak _aالجغرافيا السياسية |
| 650 | 0 | 7 |
_2qrmak _aالممارسة السياسية |
| 651 | 0 | 7 |
_2qrmak _aشبه الجزيرة العربية |
| 651 | 0 | 7 |
_2qrmak _aشبه الجزيرة العربية _xالحدود السياسية |
| 651 | 0 | 7 |
_2qrmak _aشبه الجزيرة العربية _xالحدود الدولية |
| 653 | 0 | _aحدود شبه الجزيرة العربية - الدور البريطلنى | |
| 700 | 0 |
_aمجدى عبد الكريم _eمترجم |
|
| 942 |
_2ddc _cBK |
||
| 999 |
_c66249 _d66249 |
||